Sports Quiz

Random Sports or Football Quiz

Top Six in Premier League Quiz Stats

 Plays Quiz Updated May 31, 2018

Challenge
Share
Tweet
Embed
Score 0/156 Timer 06:00
21 Plays Today
Year Team % Correct
2017-18Manchester United
99.8%
1992-93Manchester United
99.6%
1993-94Manchester United
99.6%
1994-95Manchester United
99.6%
1995-96Manchester United
99.6%
1996-97Manchester United
99.6%
1997-98Manchester United
99.6%
1998-99Manchester United
99.6%
1999-00Manchester United
99.6%
2000-01Manchester United
99.6%
2001-02Manchester United
99.6%
2012-13Manchester United
99.6%
2014-15Manchester United
99.6%
2015-16Manchester United
99.6%
2016-17Manchester United
99.6%
2002-03Manchester United
99.6%
2003-04Manchester United
99.6%
2004-05Manchester United
99.6%
2005-06Manchester United
99.6%
2006-07Manchester United
99.6%
2007/08Manchester United
99.6%
2008/09Manchester United
99.6%
2009-10Manchester United
99.6%
2010-11Manchester United
99.6%
2011-12Manchester United
99.6%
2017-18Manchester City
99.3%
2017-18Liverpool
99%
2009-10Manchester City
99%
2012-13Manchester City
99%
2013-14Manchester City
99%
2014-15Manchester City
99%
2015-16Manchester City
99%
2016-17Manchester City
99%
2010-11Manchester City
99%
2011-12Manchester City
99%
1996-97Chelsea
98.9%
1997-98Chelsea
98.9%
1998-99Chelsea
98.9%
1999-00Chelsea
98.9%
2000-01Chelsea
98.9%
2001-02Chelsea
98.9%
2002-03Chelsea
98.9%
2003-04Chelsea
98.9%
2004-05Chelsea
98.9%
2005-06Chelsea
98.9%
2006-07Chelsea
98.9%
2007/08Chelsea
98.9%
2008/09Chelsea
98.9%
2009-10Chelsea
98.9%
2010-11Chelsea
98.9%
2011-12Chelsea
98.9%
2012-13Chelsea
98.9%
Year Team % Correct
2013-14Chelsea
98.9%
2014-15Chelsea
98.9%
2016-17Chelsea
98.9%
2017-18Arsenal
98.8%
1993-94Arsenal
98.8%
1995-96Arsenal
98.8%
1996-97Arsenal
98.8%
1997-98Arsenal
98.8%
1998-99Arsenal
98.8%
1999-00Arsenal
98.8%
2000-01Arsenal
98.8%
2001-02Arsenal
98.8%
2002-03Arsenal
98.8%
2003-04Arsenal
98.8%
2004-05Arsenal
98.8%
2005-06Arsenal
98.8%
2006-07Arsenal
98.8%
2007/08Arsenal
98.8%
2008/09Arsenal
98.8%
2009-10Arsenal
98.8%
2010-11Arsenal
98.8%
2011-12Arsenal
98.8%
2012-13Arsenal
98.8%
2013-14Arsenal
98.8%
2014-15Arsenal
98.8%
2015-16Arsenal
98.8%
2016-17Arsenal
98.8%
2017-18Chelsea
98.7%
2013-14Liverpool
98.3%
2014-15Liverpool
98.3%
2016-17Liverpool
98.3%
1992-93Liverpool
98.3%
1994-95Liverpool
98.3%
1995-96Liverpool
98.3%
1996-97Liverpool
98.3%
1997-98Liverpool
98.3%
1999-00Liverpool
98.3%
2000-01Liverpool
98.3%
2001-02Liverpool
98.3%
2002-03Liverpool
98.3%
2003-04Liverpool
98.3%
2004-05Liverpool
98.3%
2005-06Liverpool
98.3%
2006-07Liverpool
98.3%
2007/08Liverpool
98.3%
2008/09Liverpool
98.3%
2010-11Liverpool
98.3%
2017-18Tottenham Hotspur
98%
2012-13Tottenham Hotspur
97.2%
2013-14Tottenham Hotspur
97.2%
2014-15Tottenham Hotspur
97.2%
2015-16Tottenham Hotspur
97.2%
Year Team % Correct
2016-17Tottenham Hotspur
97.2%
2005-06Tottenham Hotspur
97.2%
2006-07Tottenham Hotspur
97.2%
2009-10Tottenham Hotspur
97.2%
2010-11Tottenham Hotspur
97.2%
2011-12Tottenham Hotspur
97.2%
2015-16Leicester City
94.1%
2012-13Everton
93.8%
2013-14Everton
93.8%
1995-96Everton
93.8%
2004-05Everton
93.8%
2006-07Everton
93.8%
2007/08Everton
93.8%
2008/09Everton
93.8%
1993-94Newcastle United
89.3%
1994-95Newcastle United
89.3%
1995-96Newcastle United
89.3%
1996-97Newcastle United
89.3%
2001-02Newcastle United
89.3%
2002-03Newcastle United
89.3%
2003-04Newcastle United
89.3%
2011-12Newcastle United
89.3%
1992-93Blackburn Rovers
83.4%
1993-94Blackburn Rovers
83.4%
1994-95Blackburn Rovers
83.4%
1997-98Blackburn Rovers
83.4%
2002-03Blackburn Rovers
83.4%
2005-06Blackburn Rovers
83.4%
2001-02Leeds United
80.6%
1993-94Leeds United
80.6%
1994-95Leeds United
80.6%
1997-98Leeds United
80.6%
1998-99Leeds United
80.6%
1999-00Leeds United
80.6%
2000-01Leeds United
80.6%
1992-93Aston Villa
80.2%
1995-96Aston Villa
80.2%
1996-97Aston Villa
80.2%
1998-99Aston Villa
80.2%
1999-00Aston Villa
80.2%
2003-04Aston Villa
80.2%
2007/08Aston Villa
80.2%
2008/09Aston Villa
80.2%
2009-10Aston Villa
80.2%
1998-99West Ham United
80.1%
2015-16Southampton
78%
1994-95Nottingham Forest
57.8%
1992-93Norwich City
55.3%
2004-05Bolton Wanderers
52.7%
2000-01Ipswich Town
46.4%
1992-93Queens Park Rangers
42.9%
1993-94Wimbledon
38.9%

You're not logged in!

Compare scores with friends on all Sporcle quizzes.
Join for Free
OR
Log In

You Might Also Like...

Show Comments

Extras

Top Quizzes Today


Score Distribution

Your Account Isn't Verified!

In order to create a playlist on Sporcle, you need to verify the email address you used during registration. Go to your Sporcle Settings to finish the process.

Report this User

Report this user for behavior that violates our Community Guidelines.

Details: